| 000 | 00653nam a22001577a 4500 | ||
|---|---|---|---|
| 003 | OSt | ||
| 005 | 20151006161026.0 | ||
| 008 | 151006b xxu||||| |||| 00| 0 eng d | ||
| 040 | _cRUA | ||
| 082 | _aAVM KHE 2006 B077 Or.1 | ||
| 100 |
_92208 _aKHEM VUTHY |
||
| 245 | _aEffect of molasses and urea on growth rate of growing fattenning pigs, (ឥទ្ថិពលនៃការប្រើប្រាស់ស្ករងូ និងអ៊ុយរ៉េទៅលើការលូតលាស់ជ្រូកសាច់ វគ្គបញ្ចប់) | ||
| 260 |
_aphnom penh _brua _c2006 |
||
| 300 |
_aix, 37p. _bill. _c29cm. |
||
| 942 |
_2ddc _cAVM |
||
| 999 |
_c2080 _d2080 |
||